<?xml version="1.0" encoding="UTF-8"?>
<record
    xmlns:xsi="http://www.w3.org/2001/XMLSchema-instance"
    xsi:schemaLocation="http://www.loc.gov/MARC21/slim http://www.loc.gov/standards/marcxml/schema/MARC21slim.xsd"
    xmlns="http://www.loc.gov/MARC21/slim">

  <leader>00853nam a2200169Ia 4500</leader>
  <controlfield tag="003">SGT</controlfield>
  <datafield tag="020" ind1=" " ind2=" ">
    <subfield code="a">9780070702134</subfield>
  </datafield>
  <datafield tag="082" ind1=" " ind2=" ">
    <subfield code="a">531,KIT</subfield>
  </datafield>
  <datafield tag="100" ind1=" " ind2=" ">
    <subfield code="a">KITTEL, CHARLES</subfield>
  </datafield>
  <datafield tag="245" ind1=" " ind2=" ">
    <subfield code="a">BERKELEY PHYSICS COURSE</subfield>
  </datafield>
  <datafield tag="250" ind1=" " ind2=" ">
    <subfield code="a">2nd Ed.</subfield>
  </datafield>
  <datafield tag="260" ind1=" " ind2=" ">
    <subfield code="b">NEW DELHI.</subfield>
    <subfield code="a">TMH</subfield>
    <subfield code="c">2013</subfield>
  </datafield>
  <datafield tag="300" ind1=" " ind2=" ">
    <subfield code="a">451p.</subfield>
  </datafield>
  <datafield tag="650" ind1=" " ind2=" ">
    <subfield code="a">CLASSICAL MECHANICS</subfield>
  </datafield>
  <datafield tag="653" ind1=" " ind2=" ">
    <subfield code="a">1. INTRODUCTION  2. VECTORS  3. NEWTON&#x2019;S LAWS OF MOTION  4. FRAMES OF REFERENCE: GALILEAN TRANSFORMATION  5. CONSERVATION OF ENERGY  6. CONSERVATION OF LINEAR AND ANGULAR MOMENTUM  7. HARMONIC OSCILLATOR: PROPERTIES AND EXAMPLES  8. ELEMENTARY DYNAMICS OF RIGID BODIES  9. INVERSE-SQUARE-LAW FORCE  10. THE SPEED OF LIGHT  11. SPECIAL RELATIVITY: THE LORENTZ TRANSFORMATION  12. RELATIVISTIC DYNAMICS: MOMENTUM AND ENERGY  13. PROBLEMS IN RELATIVISTIC DYNAMICS  14. PRINCIPLE OF EQUIVALENCE </subfield>
  </datafield>
  <datafield tag="942" ind1=" " ind2=" ">
    <subfield code="2">ddc</subfield>
    <subfield code="c">FPS</subfield>
    <subfield code="0">2</subfield>
  </datafield>
  <datafield tag="952" ind1=" " ind2=" ">
    <subfield code="0">0</subfield>
    <subfield code="1">0</subfield>
    <subfield code="2">ddc</subfield>
    <subfield code="4">0</subfield>
    <subfield code="7">0</subfield>
    <subfield code="8">FS</subfield>
    <subfield code="a">SSSL</subfield>
    <subfield code="b">SSSL</subfield>
    <subfield code="c">DISPLAY</subfield>
    <subfield code="d">2014-11-26</subfield>
    <subfield code="e">SPARSH BOOK</subfield>
    <subfield code="g">650.00</subfield>
    <subfield code="h">1</subfield>
    <subfield code="i">SGTU</subfield>
    <subfield code="l">5</subfield>
    <subfield code="o">531 KIT</subfield>
    <subfield code="p">PS579</subfield>
    <subfield code="r">2022-02-15 00:00:00</subfield>
    <subfield code="s">2021-12-21</subfield>
    <subfield code="w">2015-03-24</subfield>
    <subfield code="y">FPS</subfield>
    <subfield code="k">1294</subfield>
  </datafield>
  <datafield tag="999" ind1=" " ind2=" ">
    <subfield code="c">6525</subfield>
    <subfield code="d">6525</subfield>
  </datafield>
</record>
